| 000 | 00795nam a2200265 a 4500 | ||
|---|---|---|---|
| 999 |
_c535264 _d535264 |
||
| 001 | 3303282 | ||
| 003 | NUST | ||
| 005 | 20200902113339.0 | ||
| 008 | 830606s1983 enka b 001 0 eng | ||
| 010 | _a 83157776 | ||
| 020 |
_a0408011696 : _c£30.00 |
||
| 038 | _aMSOHAIL | ||
| 040 |
_aDLC _cDLC _dDLC |
||
| 050 | 0 | 0 |
_aTA705 _b.B334 1983 |
| 082 | 0 | 0 |
_a551.02462 _219 _bBELL |
| 100 | 1 |
_aBell, F. G. _q(Frederic Gladstone) _929740 |
|
| 245 | 1 | 0 |
_aFundamentals of engineering geology / _cF.G. Bell. |
| 260 |
_aLondon ; _aBoston : _bButterworth, _c1983. |
||
| 300 |
_a648 p. : _bill. ; _c25 cm. |
||
| 504 | _aIncludes bibliographies and index. | ||
| 650 | 0 |
_aEngineering geology. _921221 |
|
| 650 | 0 |
_aGeology. _929741 |
|
| 906 |
_a7 _bcbc _corignew _d3 _encip _f19 _gy-gencatlg |
||
| 942 |
_2ddc _cBK |
||